00000000nam##2200000za#4500
0019.517375
003CaOODSP
00520200325141209
007ta
008150406|1991||||xxc|||||     f|0| 0 fre|d
020 |a0-660-56727-X
040 |aCaOODSP|bfre
041 |aeng
041 |afre
043 |an-cn---
0861 |aMP31-5/5051-1990
1101 |aCanada.|bEmploi et Immigration. |bDirection générale de l'équité en matière d'emploi.
24510|aCFTO-TV Limited
260 |aOttawa - Ontario : |bEmploi et Immigration. |c1991.
4901 |aLoi sur l'équité en matière d'emploi, 1991: rapport annuel pour l'année se terminant en décembre 1990 |v5051
546 |aBilingue
563 |aCouverture souple
590 |a91-42|b1991-10-18
791 |tCFTO-TV Limited |eeng|w(CaOODSP)9.517374
830#0|aLoi sur l'équité en matière d'emploi, 1991: rapport annuel pour l'année se terminant en décembre 1990 ;|v5051|w(CaOODSP)9.509517